ბათუმის შოთა რუსთაველის სახელმწიფო უნივერსიტეტის ბიბლიოთეკა

საქართველოს ნიადაგები. საშუალო ნიადაგების მთიანეთის და ბარის ზონა : (ბიბ.ჩანაწერი № 63004)

000 -ლიდერი
ფიქსირებული სიგრძის საკონტროლო ველი 01214nam a22001937a 4500
003 - საკონტროლო ნომრის იდენტიფიკატორი
საკონტროლო ველი Ge_BSU
005 - ბოლო ოპერაციის თარიღი და დრო
საკონტროლო ველი 20250430110828.0
008 - ფიქსირებული სიგრძის მონაცემთა ელემენტები - ზოგადი ინფორმაცია
ფიქსირებული სიგრძის საკონტროლო ველი 250430s1983 ge ||||| |||| 00| 0 geo d
041 ## - ენის კოდი
Language code of text/sound track or separate title geo
080 ## - უნივერსალური ათობითი კლასიფიკაციის ინდექსი
Universal Decimal Classification number 631.4(479.22)(075.8) ს-32
245 ## - ცნობა სათაურის შესახებ
Title საქართველოს ნიადაგები. საშუალო ნიადაგების მთიანეთის და ბარის ზონა :
Remainder of title [დამხმ. სახელმძღვ. უმაღლ. სას.-სამ. ინ-ტის სტუდენტებისათვის] /
Statement of responsibility, etc გ. ტალახაძე, ი. ანჯაფარიძე, ვ. ლატარია და სხვა ; რედ. გ. ტალახაძე.
264 ## - წარმოების, გამოცემის, დისტრიბუციის და სხვა ცნობები
გამოცემის, წარმოების, დისტრიბუციის... ადგილი თბ. :
გამოცემის, წარმოების, დისტრიბუციის... სახელწოდება განათლება,
გამოცემის, წარმოების, დისტრიბუციის... თარიღი 1983.
300 ## - ფიზიკური აღწერა
Extent 355 გვ. :
Other physical details ილ. ;
Dimensions 25 სმ.
653 ## - INDEX TERM--UNCONTROLLED
Uncontrolled term საქართველოს ნიადაგები
700 ## - ADDED ENTRY--PERSONAL NAME
Personal name ტალახაძე, გ.
Relator term ავტორი
9 (RLIN) 24974
700 ## - ADDED ENTRY--PERSONAL NAME
Personal name ანჯაფარიძე, ი.
Relator term ავტორი
9 (RLIN) 24975
700 ## - ADDED ENTRY--PERSONAL NAME
Personal name ლატარია, ვ. და სხვ.
Relator term ავტორი
9 (RLIN) 24976
942 ## - ADDED ENTRY ELEMENTS (KOHA)
Source of classification or shelving scheme
Koha item type წიგნი
ეგზემპლარები
ჩამოწერის სტატუსი დაკარგული ეგზემპლარის სტატუსი კლასიფიკაციის წყარო ან თაროზე გაწყობის სქემა დაზიანების სტატუსი არ გაიცემა მუდმივი მდებარეობა (დაცვის ადგილი) ამჟამინდელი ადგილსამყოფელი თაროზე განთავსების ადგილი შეძენის თარიღი ღირებულება, შესყიდვის ნორმალური ფასი სრული შენახვის შიფრი შტრიხკოდი ბოლო ოპერაციის თარიღი ეგზემპლარის მიმდევრობითი ნომერი (კეტერი?) Uniform Resource Identifier ფასის ძალაში შესვლის თარიღი ეგზემპლარის სახეობა საჯარო შენიშვნა
          აგრარული და მემბრანული ტექნოლოგიების ინსტიტუტის ბიბლიოთეკა აგრარული და მემბრანული ტექნოლოგიების ინსტიტუტის ბიბლიოთეკა წიგნსაცავი 2025-04-30 6.00 631.4(479.22)(075.8) ს-32 71298 2025-04-30 71298 ნაჩუქარი 2025-04-30 წიგნი 6 ლ.